Digital electronics (Record no. 14434)

MARC details
000 -LEADER
fixed length control field 00536nam a22001817a 4500
003 - CONTROL NUMBER IDENTIFIER
control field URS
005 - DATE AND TIME OF LATEST TRANSACTION
control field 20220114171649.0
008 - FIXED-LENGTH DATA ELEMENTS--GENERAL INFORMATION
fixed length control field 170328b xxu||||| |||| 00| 0 eng d
020 ## - INTERNATIONAL STANDARD BOOK NUMBER
International Standard Book Number 0028013069
050 ## - LIBRARY OF CONGRESS CALL NUMBER
Classification number TK7868
Item number D5.R89 1993
100 ## - MAIN ENTRY--PERSONAL NAME
Personal name Ryan, Ray
Relator code author
245 ## - TITLE STATEMENT
Title Digital electronics
Statement of responsibility, etc. Ray Ryan , Lisa A. Doyle with contributions by Abraham I. Pallas
260 ## - PUBLICATION, DISTRIBUTION, ETC.
Place of publication, distribution, etc. New York:
Name of publisher, distributor, etc. Glencoe,
Date of publication, distribution, etc. 1993
300 ## - PHYSICAL DESCRIPTION
Extent xi, 276 pages;
Dimensions 24 cm.
700 ## - ADDED ENTRY--PERSONAL NAME
Relator code author
Personal name Doyle, Lisa A
700 ## - ADDED ENTRY--PERSONAL NAME
Relator code author
Personal name Pallas, Abraham
942 ## - ADDED ENTRY ELEMENTS (KOHA)
Koha item type Foreign Books
Source of classification or shelving scheme Library of Congress Classification
Holdings
Withdrawn status Source of classification or shelving scheme Damaged status Not for loan Collection code Home library Current library Shelving location Date acquired Total Checkouts Full call number Barcode Date last seen Price effective from Koha item type
  Library of Congress Classification     Non-fiction Binangonan College Library Binangonan College Library Foreign Section 06/07/2023   TK7868 D5.R89 1993 URSBIN-0231 04/28/2016 04/28/2016 Foreign Books
  Library of Congress Classification     Non-fiction Binangonan College Library Binangonan College Library Foreign Section 06/07/2023   TK7868 D5.R89 1993 URSBIN-0232 04/28/2016 09/11/2019 Foreign Books

University of Rizal System
Email us at univlibservices@urs.edu.ph

Visit our Website www.urs.edu.ph/library